000 00697cam a22002537a 4500
003 CHAP
005 20220329135628.0
008 971013s1961 r 00010 d
010 _a39594
011 _a40566
035 _a44692
040 _cCHAP
082 _a627.8
_bE83s
110 _aE.U.A. Bureau of Reclamation
_934862
245 1 4 _aThe story of Hoover dam
260 _aWashington :
_bThe Bureau,
_c1961
300 _a79 p.
_b: ilus.
590 _aBATCH-UPD
_b10
_c20130110
_lUCH01
_h1422
590 _aCONVERSION
_b10
_c20130109
_lUCH01
_h1322
650 1 4 _aPresas.
_991480
901 _aBK
942 _cLIBRO
949 _a627.8 E83s
_bBC
_cLIBRO
_d33724000022703
_eLIBRO
_h19151
_i44692
_si
999 _c39594
_d39594